Sicología industrial

Сохранить в:
Библиографические подробности
Главный автор: Tiffin, Joseph (Автор)
Другие авторы: McCormick, Ernest James (autor)
Формат:
Язык:испанский
Опубликовано: Ciudad de México Diana 1960
Редактирование:2a. ed
Предметы:
Метки: Добавить метку
Нет меток, Требуется 1-ая метка записи!

MARC

LEADER 00000nam a2200000 a 4500
001 UCY5695
003 CL-VaPUC
008 950512e19601100MX |||||||||||||||||spa|d
082 0 4 |a 158.7  |b TIF  |2 21 
100 0 |a Tiffin, Joseph  |e author  |9 334788 
700 |a McCormick, Ernest James  |e autor  |9 334789 
245 1 0 |a Sicología industrial 
250 |a 2a. ed 
300 |a 593 p 
942 |c BK 
945 |d 19950512 00:00:00  |a mfernand 
260 |a Ciudad de México  |b Diana  |c 1960 
650 0 |a Psicología industrial  |9 271739 
650 7 |a CALIFICACIONES DEL PERSONAL  |2 CL-VaPUC  |9 334790 
650 0 |a Pruebas psicológicas  |9 307459 
650 0 |a Psicología aplicada   |9 270762 
650 0 |a Psicología social   |9 222894 
650 0 |a Relaciones interpersonales  |9 307056 
650 0 |a Actitud en el trabajo  |9 334791 
650 0 |a Administración del personal  |9 260442 
650 7 |a SATISFACCION EN EL TRABAJO  |2 CL-VaPUC  |9 334792 
583 |a last modification  |c 19950512 00:00:00  |k Rodrigo Vera 
999 |c 233322  |d 233320 
952 |0 0  |1 0  |4 0  |6 158_700000000000000_TIF_1960  |7 0  |8 P  |9 238757  |a BIBEDU  |b BIBEDU  |c BIBEDU_PB  |d 2019-11-18  |i 1505254  |o 158.7 TIF 1960  |p 1505254  |r 2024-01-25  |w 2019-11-18  |y BK  |k EDU